Science Quiz

Random Science or Clickable Quiz
Score 0/9 Timer 04:00
0 Plays Today
% Correct
3
95.7%
Of course not
95.7%
Mechanical and Chemical
93.5%
hydrochloric acid
86%
produces enzymes
84.9%
growth
80.6%
oesophagus
66.7%
amylase
65.6%
anus
43%
Remove Ads.
Support Sporcle.
Get the best of Sporcle when you Go Orange. This ad-free experience offers more features, more stats, and more fun while also helping to support Sporcle. Thank you for becoming a member.

You're not logged in!

Compare scores with friends on all Sporcle quizzes.
OR
Log In

Show Comments

Extras

Top Quizzes Today


Score Distribution

Your Account Isn't Verified!

In order to create a playlist on Sporcle, you need to verify the email address you used during registration. Go to your Sporcle Settings to finish the process.

Report this User

Report this user for behavior that violates our Community Guidelines.

Details: